[Event "Online Olym Div3 B 2020"]
[Site "chess.com INT"]
[Date "2020.07.07"]
[Round "1.1"]
[Board "1"]
[White "Miguel, Sergio"]
[Black "Greet, Andrew N"]
[Result "0-1"]
[WhiteTitle "FM"]
[BlackTitle "IM"]
[WhiteElo "2377"]
[BlackElo "2417"]
[WhiteTeam "Angola"]
[BlackTeam "Scotland"]
[WhiteFideId "10100792"]
[BlackFideId "405817"]
[EventDate "2020.07.07"]
[EventType "team"]

1. e4 e5 2. Nf3 Nf6 3. Nc3 Nc6 4. Bb5 Nd4 5. Bc4 c6 6. Nxe5 d5 7. exd5 Bd6 8.
O-O Bxe5 9. Re1 Ng4 10. g3 Qf6 11. f4 O-O 12. h3 Bxf4 13. Ne4 Qg6 14. hxg4 Bxg4
15. Be2 Nxe2+ 16. Rxe2 Bxe2 17. Qxe2 Rae8 18. Qg2 Rxe4 0-1

[Event "Online Olym Div3 B 2020"]
[Site "chess.com INT"]
[Date "2020.07.07"]
[Round "1.1"]
[Board "2"]
[White "Tate, Alan"]
[Black "Silva, David"]
[Result "1/2-1/2"]
[WhiteTitle "FM"]
[BlackTitle "IM"]
[WhiteElo "2342"]
[BlackElo "2258"]
[WhiteTeam "Scotland"]
[BlackTeam "Angola"]
[WhiteFideId "2401878"]
[BlackFideId "10101314"]
[EventDate "2020.07.07"]
[EventType "team"]

1. d4 Nf6 2. c4 g6 3. Nc3 Bg7 4. e4 d6 5. Nf3 O-O 6. h3 e5 7. d5 Na6 8. Bg5 Nc5
9. b4 Na6 10. a3 h6 11. Be3 Nh5 12. Nd2 Nf4 13. g3 f5 14. Qc2 Nxd5 15. cxd5 f4
16. Nc4 fxe3 17. Nxe3 Nb8 18. h4 a5 19. Rb1 axb4 20. axb4 h5 21. Bg2 Bh6 22. Nc4
Na6 23. Nd1 Bd7 24. Nde3 b5 25. Nd2 Bxe3 26. fxe3 Qb8 27. Nf3 Qb6 28. Qb3 Bg4
29. O-O Bxf3 30. Rxf3 Rxf3 31. Bxf3 Rf8 32. Bg2 Kg7 33. Rf1 Rxf1+ 34. Bxf1 c5
35. dxc6 Qxc6 36. Qe6 Nxb4 37. Qe7+ Kh6 38. Qf8+ Kh7 39. Qf7+ Kh6 40. Qf8+ 1/2-1/2

[Event "Online Olym Div3 B 2020"]
[Site "chess.com INT"]
[Date "2020.07.07"]
[Round "1.1"]
[Board "3"]
[White "Caxita, Esperanca"]
[Black "Arakhamia-Grant, Ketevan"]
[Result "0-1"]
[WhiteTitle "WIM"]
[BlackTitle "GM"]
[WhiteElo "1882"]
[BlackElo "2380"]
[WhiteTeam "Angola"]
[BlackTeam "Scotland"]
[WhiteFideId "10100903"]
[BlackFideId "13600168"]
[EventDate "2020.07.07"]
[EventType "team"]

1. e4 c5 2. Nc3 e6 3. Nf3 Nc6 4. g3 Nf6 5. Bg2 d6 6. O-O a6 7. d4 cxd4 8. Nxd4
Bd7 9. Re1 Be7 10. a3 O-O 11. Be3 Qc7 12. Rc1 Ne5 13. Rb1 Rab8 14. Bg5 h6 15.
Bf4 Nc4 16. Nde2 b5 17. Qd3 Rfd8 18. Red1 Bc6 19. a4 Ne5 20. Qd4 b4 21. Na2 a5
22. c3 Bxa4 23. b3 Bb5 24. Nac1 Ng6 25. Be3 Ng4 26. cxb4 Nxe3 27. Qxe3 axb4 28.
Nd3 Ne5 29. Nxe5 dxe5 30. Rbc1 Rxd1+ 31. Rxd1 Bg5 32. f4 exf4 33. gxf4 Bxe2 34.
Qxe2 Bxf4 35. h3 Rc8 36. Rf1 Be5 37. Qf3 Qa7+ 38. Kh1 Rc3 39. Qd1 Qc7 40. Bf3
Rc2 41. Bg2 Rb2 42. Qh5 Bf6 43. Qd1 Qg3 44. Qf3 Rxb3 45. Qxg3 Rxg3 46. Rb1 b3
47. Kh2 Be5 48. Kg1 b2 49. Kf2 Ra3 0-1

[Event "Online Olym Div3 B 2020"]
[Site "chess.com INT"]
[Date "2020.07.07"]
[Round "1.1"]
[Board "4"]
[White "Lampard, Alice"]
[Black "Junior, Ednasia"]
[Result "0-1"]
[BlackTitle "WFM"]
[WhiteElo "1763"]
[BlackElo "1808"]
[WhiteTeam "Scotland"]
[BlackTeam "Angola"]
[WhiteFideId "2402750"]
[BlackFideId "10105980"]
[EventDate "2020.07.07"]
[EventType "team"]

1. d4 Nf6 2. c4 e5 3. dxe5 Ng4 4. Bf4 Nc6 5. Nf3 Bb4+ 6. Nc3 Qe7 7. Qd5 d6 8.
exd6 cxd6 9. Bg5 f6 10. Bd2 Be6 11. Qh5+ g6 12. Qb5 a6 13. Qa4 Bxc4 14. a3 Bxc3
15. Bxc3 Be6 16. h3 Ne5 17. O-O-O O-O 18. Nd4 b5 19. Nxc6 Nxc6 20. Qh4 Bb3 21.
Re1 g5 22. Qg4 Ne5 23. Bxe5 dxe5 24. Kb1 Rac8 25. e3 Be6 26. Qd1 Rfd8 27. Qf3
Bf7 28. Qg4 Qc5 29. Qe2 Qd5 30. b4 Qb3+ 31. Qb2 Rd1+ 32. Rxd1 Qxd1+ 33. Qc1
Qxc1# 0-1

[Event "Online Olym Div3 B 2020"]
[Site "chess.com INT"]
[Date "2020.07.07"]
[Round "1.1"]
[Board "5"]
[White "Lutuima, Amaro"]
[Black "Abdulla, Murad"]
[Result "1-0"]
[WhiteTitle "CM"]
[BlackTitle "FM"]
[WhiteElo "2050"]
[BlackElo "2287"]
[WhiteTeam "Angola"]
[BlackTeam "Scotland"]
[WhiteFideId "10106863"]
[BlackFideId "2403757"]
[EventDate "2020.07.07"]
[EventType "team"]

1. e4 c5 2. Nf3 d6 3. d4 cxd4 4. Nxd4 Nf6 5. Nc3 g6 6. f3 Bg7 7. Be3 Nbd7 8. Qd2
h5 9. Bc4 a6 10. a4 Ne5 11. Bb3 Bd7 12. h3 Rc8 13. Qe2 Qa5 14. O-O O-O 15. f4
Nc6 16. f5 Ne5 17. fxg6 Nxg6 18. Nf5 Bxf5 19. Rxf5 Qb4 20. Raf1 Rxc3 21. bxc3
Qxe4 22. Qd2 Kh7 23. Bg5 Ne5 24. Bxf6 exf6 25. Rxh5+ Kg8 26. Bd5 Qg6 27. Rhf5 b5
28. axb5 axb5 29. Kh2 Rb8 30. Be4 Qh6 31. Qxh6 Bxh6 32. Rxf6 Bf8 33. Bd5 Bg7 34.
Bxf7+ Kf8 35. R6f5 Ke7 36. Bd5 Bh6 37. Rf6 Bg7 38. Rf7+ Nxf7 39. Rxf7+ 1-0

[Event "Online Olym Div3 B 2020"]
[Site "chess.com INT"]
[Date "2020.07.07"]
[Round "1.2"]
[Board "1"]
[White "Severino, Sander"]
[Black "Omar, Noaman"]
[Result "1-0"]
[WhiteTitle "FM"]
[BlackTitle "IM"]
[WhiteElo "2364"]
[BlackElo "2367"]
[WhiteTeam "IPCA"]
[BlackTeam "United Arab Emirates"]
[WhiteFideId "5204100"]
[BlackFideId "9300244"]
[EventDate "2020.07.07"]
[EventType "team"]

1. d4 d5 2. c4 e6 3. Nc3 Be7 4. Bf4 Nf6 5. e3 O-O 6. Nf3 b6 7. cxd5 Nxd5 8. Nxd5
Qxd5 9. a3 c5 10. dxc5 Qxd1+ 11. Rxd1 Bxc5 12. Be2 Bb7 13. O-O Be7 14. Ne5 Rc8
15. Rc1 Na6 16. b4 f6 17. Bc4 fxe5 18. Bxe6+ Kf8 19. Bxc8 Bxc8 20. Bxe5 Be6 21.
Rfd1 Re8 22. f4 Bf6 23. Bxf6 gxf6 24. Kf2 f5 25. Rd4 Kf7 26. Kf3 Re7 27. h3 h5
28. Kg3 Nc7 29. Kh4 Kf6 30. e4 fxe4 31. Rxe4 Nd5 32. g4 hxg4 33. hxg4 Rh7+ 34.
Kg3 Ne7 35. Rce1 Bd5 36. g5+ Kg6 37. Rxe7 1-0

[Event "Online Olym Div3 B 2020"]
[Site "chess.com INT"]
[Date "2020.07.07"]
[Round "1.2"]
[Board "2"]
[White "Sultan, Ibrahim"]
[Black "Gurbanov, Andrei"]
[Result "1-0"]
[WhiteTitle "IM"]
[BlackTitle "IM"]
[WhiteElo "2076"]
[BlackElo "2298"]
[WhiteTeam "United Arab Emirates"]
[BlackTeam "IPCA"]
[WhiteFideId "9301143"]
[BlackFideId "13503391"]
[EventDate "2020.07.07"]
[EventType "team"]

1. d4 Nf6 2. c4 e6 3. g3 d5 4. Nf3 Be7 5. Bg2 O-O 6. Qc2 dxc4 7. Qxc4 a6 8. O-O
b5 9. Qc2 Bb7 10. Nc3 Nbd7 11. Rd1 Qc8 12. Be3 c5 13. Rac1 c4 14. a4 b4 15. Nb1
Nb6 16. a5 Be4 17. Qd2 Nbd5 18. Ne5 c3 19. bxc3 Bxg2 20. Kxg2 Ne4 21. Qd3 Nexc3
22. Nxc3 Nxc3 23. Re1 f6 24. Nc4 Rb8 25. Bf4 Rb5 26. f3 Rd8 27. Bd2 Na2 28. Rc2
b3 29. Rb2 e5 30. Nb6 Qb7 31. d5 Nb4 32. Qc4 Kh8 33. Rxb3 Nxd5 34. Rxb5 axb5 35.
Qxb5 Nxb6 36. Be3 Qd5 37. Qxb6 f5 38. Qc7 Bb4 39. Ra1 e4 40. f4 h6 41. a6 Kh7
42. a7 Ra8 43. Kf2 Bd2 44. Bxd2 Qxd2 45. Qb6 Qd5 46. Qe3 Qb7 47. Ra5 Qd7 48. Qc5
Kg6 49. Ke3 h5 50. Ra6+ Kh7 51. Rd6 Qf7 52. Ra6 Qd7 53. Qb6 Qf7 54. Kf2 Qd5 55.
Qg6+ Kg8 56. Qxh5 Qd4+ 57. Kf1 Qd1+ 58. Kg2 Qd5 59. Kh3 Qb5 60. Qg6 Qxe2 61. Rb6
Qg4+ 62. Qxg4 fxg4+ 63. Kxg4 Rxa7 64. Re6 Ra4 65. Kf5 Ra2 66. h4 Ra3 67. g4 e3
68. Kg6 Kf8 69. h5 Ra4 70. Kg5 Ra3 71. f5 Kf7 72. Kf4 Ra4+ 73. Kf3 Ra1 74. Rxe3
Rf1+ 75. Kg3 Kf6 76. Re6+ Kf7 77. Kh4 Ra1 78. Kg5 Ra7 79. h6 gxh6+ 80. Kxh6 Ra4
81. Kg5 Rb4 82. Ra6 Rb7 83. Kh5 Kg7 84. g5 Rc7 85. g6 Rc5 86. Kg5 Rb5 87. Ra7+
Kg8 88. Kh6 Rb8 89. f6 Rc8 90. f7+ 1-0

[Event "Online Olym Div3 B 2020"]
[Site "chess.com INT"]
[Date "2020.07.07"]
[Round "1.2"]
[Board "3"]
[White "Aleksandrova, Aleksandra"]
[Black "Almaini, Aishah Sarhan"]
[Result "1-0"]
[WhiteTitle "WFM"]
[WhiteElo "1791"]
[BlackElo "1607"]
[WhiteTeam "IPCA"]
[BlackTeam "United Arab Emirates"]
[WhiteFideId "4144198"]
[BlackFideId "9307214"]
[EventDate "2020.07.07"]
[EventType "team"]

1. d4 Nf6 2. e3 g6 3. Bd3 Bg7 4. c3 d6 5. Nd2 Nbd7 6. Qc2 c5 7. Ngf3 a6 8. O-O
O-O 9. a4 b6 10. Re1 Bb7 11. Ra3 Rc8 12. Qb1 e5 13. Ne4 Nxe4 14. Bxe4 Bxe4 15.
Qxe4 Nf6 16. Qb7 e4 17. Nd2 cxd4 18. exd4 d5 19. Qxa6 Qc7 20. b4 Rfe8 21. Nf1
Re6 22. h3 h5 23. Bd2 Kh7 24. a5 bxa5 25. Qxa5 Qb8 26. Ne3 Bh6 27. Rd1 Rd8 28.
Qa7 Qxa7 29. Rxa7 Kg8 30. Kf1 Bf8 31. Rda1 Ree8 32. b5 Rb8 33. R1a6 Bg7 34. Ra5
Rb6 35. Rc7 Reb8 36. Raa7 Rxb5 37. Rxf7 Ne8 38. Rfd7 Rb1+ 39. Ke2 R1b5 40. Nxd5
Bf8 41. Nf4 R5b6 42. Ke3 Rf6 43. Kxe4 Nd6+ 44. Kd3 Re8 45. f3 Nc8 46. Rab7 Nd6
47. Rbc7 Nc8 48. c4 Bd6 49. Rg7+ Kf8 50. Nxg6+ Rxg6 51. Rcf7# 1-0

[Event "Online Olym Div3 B 2020"]
[Site "chess.com INT"]
[Date "2020.07.07"]
[Round "1.2"]
[Board "4"]
[White "Mariam, Essa"]
[Black "Jennitha, Anto K."]
[Result "0-1"]
[BlackTitle "WIM"]
[WhiteElo "1561"]
[BlackElo "2001"]
[WhiteTeam "United Arab Emirates"]
[BlackTeam "IPCA"]
[WhiteFideId "9306480"]
[BlackFideId "5018218"]
[EventDate "2020.07.07"]
[EventType "team"]

1. e4 c5 2. Nc3 d6 3. d4 cxd4 4. Qxd4 Nc6 5. Qd2 Nf6 6. b3 g6 7. Bb2 Bg7 8.
O-O-O O-O 9. f3 a6 10. Kb1 b5 11. g4 Bb7 12. h4 h5 13. g5 Nd7 14. f4 Nc5 15. Bg2
b4 16. Nd5 Bxb2 17. Kxb2 Qa5 18. f5 Rfe8 19. Ne2 Ne5 20. Nef4 Na4+ 21. Kb1 Bxd5
22. Nxd5 Nc3+ 23. Nxc3 bxc3 24. Qd4 Rec8 25. Rh3 Rab8 26. Re1 Nc4 27. fxg6 Nd2+
28. Ka1 Nxb3+ 29. cxb3 c2 30. gxf7+ Kxf7 31. Rf3+ Kg6 32. Rc1 Rf8 33. Rxf8 Rxf8
34. Qd3 Qe5+ 35. Qc3 Qxc3# 0-1

[Event "Online Olym Div3 B 2020"]
[Site "chess.com INT"]
[Date "2020.07.07"]
[Round "1.2"]
[Board "5"]
[White "Lipilin, Ilia"]
[Black "Ammar, Sedrani"]
[Result "1-0"]
[WhiteTitle "FM"]
[BlackTitle "FM"]
[WhiteElo "2189"]
[BlackElo "2274"]
[WhiteTeam "IPCA"]
[BlackTeam "United Arab Emirates"]
[WhiteFideId "54113245"]
[BlackFideId "9312331"]
[EventDate "2020.07.07"]
[EventType "team"]

1. d4 d5 2. c4 e6 3. Nc3 Nf6 4. cxd5 exd5 5. Bg5 c6 6. e3 Be7 7. Bd3 Nbd7 8. Qc2
O-O 9. Nge2 Re8 10. O-O Nf8 11. f3 Ng6 12. e4 dxe4 13. fxe4 Ng4 14. Bxe7 Qxe7
15. Qd2 c5 16. h3 cxd4 17. Nd5 Qd8 18. hxg4 Bxg4 19. Nxd4 Re5 20. Nf5 Bxf5 21.
Rxf5 Rxf5 22. exf5 Qxd5 23. fxg6 Qd4+ 24. Qf2 Qxd3 25. gxf7+ Kf8 26. Rf1 Rd8 27.
Qxa7 Qd4+ 28. Qxd4 Rxd4 29. Rf2 b5 30. Kh2 Rd3 31. a3 Rd4 32. Kg3 b4 33. axb4
Rxb4 34. Kh2 Rd4 35. Rf3 g5 36. Kg3 g4 37. Rf2 Rb4 38. Kh4 h6 39. g3 Rc4 40. Kh5
Rb4 41. Kxh6 Rb3 42. Kg6 Rb6+ 43. Kg5 Rb4 44. Kh5 Ra4 45. Kg6 Rb4 46. Kg5 Ra4
47. Rf4 Ra2 48. b4 Ra3 49. Kxg4 Ra6 50. Kg5 Rb6 51. g4 Rb5+ 52. Kh4 Rb6 53. g5
Ra6 54. Kh5 Ra1 55. b5 Rb1 56. Rf5 Rh1+ 57. Kg6 Rb1 58. Rc5 1-0

[Event "Online Olym Div3 B 2020"]
[Site "chess.com INT"]
[Date "2020.07.07"]
[Round "1.2"]
[Board "6"]
[White "Khalil, Hanan"]
[Black "Dorozhkina, Mariya"]
[Result "0-1"]
[BlackTitle "WFM"]
[WhiteElo "1377"]
[BlackElo "1705"]
[WhiteTeam "United Arab Emirates"]
[BlackTeam "IPCA"]
[WhiteFideId "9309950"]
[BlackFideId "54132185"]
[EventDate "2020.07.07"]
[EventType "team"]

1. e4 c5 2. Nc3 d6 3. g3 Nc6 4. Bg2 g6 5. d3 Bg7 6. Nge2 e6 7. O-O Nge7 8. Be3
O-O 9. Qd2 a6 10. Bh6 b5 11. Bxg7 Kxg7 12. Nd1 Bb7 13. f4 Qa5 14. c3 d5 15. g4
Qb6 16. Kh1 dxe4 17. dxe4 Rad8 18. Qe3 Na5 19. f5 exf5 20. gxf5 gxf5 21. Qg5+
Ng6 22. exf5 h6 23. Qg3 Rd6 24. Nf4 Bxg2+ 25. Qxg2 Rfd8 26. fxg6 fxg6 27. Nh5+
Kh7 28. Ng3 Rd2 29. Qf3 Qc6 30. Qxc6 Nxc6 31. Ne4 Re2 32. Nxc5 Rdd2 33. Rf2 Rxf2
34. Nxf2 Rxf2 35. Nxa6 Rxb2 0-1

[Event "Online Olym Div3 B 2020"]
[Site "chess.com INT"]
[Date "2020.07.07"]
[Round "1.3"]
[Board "1"]
[White "Sousa, Andre Ventura"]
[Black "Karimov, Alisher"]
[Result "1-0"]
[WhiteTitle "IM"]
[BlackTitle "FM"]
[WhiteElo "2394"]
[BlackElo "2222"]
[WhiteTeam "Portugal"]
[BlackTeam "Tajikistan"]
[WhiteFideId "1917617"]
[BlackFideId "14700280"]
[EventDate "2020.07.07"]
[EventType "team"]

1. e4 c5 2. Nf3 e6 3. b3 Nc6 4. Bb2 a6 5. c4 Qc7 6. g3 Nf6 7. Nc3 Rb8 8. Rc1 b6
9. Bg2 Bb7 10. O-O Be7 11. d4 cxd4 12. Nxd4 Nxd4 13. Qxd4 O-O 14. Kh1 Rfd8 15.
f4 1-0

[Event "Online Olym Div3 B 2020"]
[Site "chess.com INT"]
[Date "2020.07.07"]
[Round "1.3"]
[Board "2"]
[White "Khusenkhojaev, Mustafokhuja"]
[Black "Martins, David Pires Tavares"]
[Result "1/2-1/2"]
[BlackTitle "IM"]
[WhiteElo "2255"]
[BlackElo "2398"]
[WhiteTeam "Tajikistan"]
[BlackTeam "Portugal"]
[WhiteFideId "14700727"]
[BlackFideId "1909991"]
[EventDate "2020.07.07"]
[EventType "team"]

1. d4 d6 2. Nf3 f5 3. c4 Nf6 4. g3 g6 5. Bg2 Bg7 6. O-O O-O 7. Nc3 Na6 8. Re1 c6
9. h3 Ne4 10. Qb3 Nxc3 11. Qxc3 Nc5 12. Qc2 Ne4 13. b3 Qe8 14. Bb2 e5 15. Rad1
Qe7 16. e3 Bd7 17. dxe5 dxe5 18. Nxe5 Bxe5 19. Bxe5 Qxe5 20. Rxd7 Nc5 21. Rd2 g5
22. Qd1 Kh8 23. b4 Ne6 24. Qa1 Qxa1 25. Rxa1 Rad8 26. Rad1 Kg7 27. Kf1 Kf6 28.
Ke2 Rxd2+ 29. Rxd2 Ke7 30. a4 f4 31. exf4 gxf4 32. a5 fxg3 33. fxg3 Rg8 34. Rd3
Nf4+ 35. gxf4 Rxg2+ 36. Ke3 Rb2 37. Kd4 Rxb4 38. Rg3 Kf6 39. Rg8 b5 40. axb6
axb6 41. Rc8 c5+ 42. Kd5 b5 43. cxb5 Rxb5 44. Rf8+ Kg6 45. Ke4 Rb3 46. h4 Rh3
47. f5+ Kg7 48. Rc8 Rxh4+ 49. Ke5 Rh6 50. Rc7+ Kf8 51. Rxc5 Ra6 52. Rc7 Ke8 53.
Rxh7 Kf8 54. Rd7 Ke8 55. Rb7 Kf8 56. Kf4 Ke8 57. Kg5 Kf8 58. Rc7 Ke8 59. Rg7 Kf8
60. Rg6 Ra1 61. Rb6 Ra7 62. Kg6 Rg7+ 63. Kf6 Rf7+ 64. Ke5 Re7+ 65. Re6 Ra7 66.
Kf6 Rf7+ 67. Kg5 Rg7+ 68. Rg6 Ra7 69. Rb6 Kf7 70. Rh6 Kf8 71. Rh8+ Kg7 72. Rb8
Ra6 73. Rb7+ Kf8 74. Rc7 Kg8 75. Rd7 Kf8 76. Rb7 Kg8 77. Re7 Kf8 78. Re2 Kf7 79.
Rh2 Kg7 80. Rb2 Kf7 81. Rb3 Rc6 82. Rb7+ Kf8 83. Kf4 Ra6 84. Ke5 Rc6 85. Rd7 Ra6
86. Rd5 Rb6 87. Kf4 Ra6 88. Kg5 Rb6 89. f6 Rb1 90. Kg6 Rg1+ 91. Rg5 Rxg5+ 92.
Kxg5 Kf7 93. Kf5 Kf8 94. Ke6 Ke8 95. Ke5 Kf7 96. Kf5 Kf8 97. Kg6 Kg8 98. f7+ Kf8
99. Kf6 1/2-1/2

[Event "Online Olym Div3 B 2020"]
[Site "chess.com INT"]
[Date "2020.07.07"]
[Round "1.3"]
[Board "3"]
[White "Jorge, Rita Maria Osorio"]
[Black "Antonova, Nadezhda"]
[Result "0-1"]
[WhiteTitle "WFM"]
[BlackTitle "WFM"]
[WhiteElo "1983"]
[BlackElo "1877"]
[WhiteTeam "Portugal"]
[BlackTeam "Tajikistan"]
[WhiteFideId "1923161"]
[BlackFideId "14700182"]
[EventDate "2020.07.07"]
[EventType "team"]

1. e4 c5 2. Nf3 d6 3. Bb5+ Nd7 4. O-O a6 5. Be2 Ngf6 6. d3 g6 7. c3 Bg7 8. Re1
O-O 9. Bf1 b5 10. d4 e5 11. Bg5 Bb7 12. Nbd2 h6 13. Bh4 Re8 14. d5 c4 15. h3 g5
16. Bg3 Rc8 17. a4 Nc5 18. axb5 axb5 19. b3 cxb3 20. Bxb5 Re7 21. Qb1 Qb6 22. c4
Nh5 23. Kh2 f5 24. exf5 e4 25. Nxe4 Bxa1 26. Nxc5 Rxe1 27. Qxe1 dxc5 28. Qxa1
Nxg3 29. fxg3 Bxd5 30. Qb2 Bxf3 31. gxf3 Qd6 32. Qe2 Rd8 0-1

[Event "Online Olym Div3 B 2020"]
[Site "chess.com INT"]
[Date "2020.07.07"]
[Round "1.3"]
[Board "4"]
[White "Hotami, Mutriba"]
[Black "Pintor, Ariana"]
[Result "1/2-1/2"]
[BlackTitle "WFM"]
[WhiteElo "1837"]
[BlackElo "1903"]
[WhiteTeam "Tajikistan"]
[BlackTeam "Portugal"]
[WhiteFideId "14700204"]
[BlackFideId "1902806"]
[EventDate "2020.07.07"]
[EventType "team"]

1. e4 c6 2. d4 d5 3. exd5 cxd5 4. Bd3 Nc6 5. c3 Nf6 6. Nf3 g6 7. Bf4 Bg7 8. Nbd2
O-O 9. O-O Bf5 10. Bxf5 gxf5 11. Ne5 Rc8 12. Qb1 e6 13. Bg5 b5 14. Ndf3 a5 15.
Qd3 b4 16. Nxc6 Rxc6 17. Ne5 Rc8 18. g4 bxc3 19. bxc3 Qc7 20. gxf5 Ne4 21. Bf4
Qxc3 22. Qxc3 Rxc3 23. f3 Nf6 24. Rac1 Rfc8 25. fxe6 fxe6 26. Bd2 Rc2 27. Be3
Ne8 28. Nd3 Rxc1 29. Rxc1 Rxc1+ 30. Nxc1 Nd6 31. Nb3 Nf5 32. Kf2 a4 33. Nc5 Nxd4
34. Nxa4 Nb5 35. Nc5 e5 36. a4 Nc7 37. a5 d4 38. Bg5 Bf8 39. Nd7 Bd6 40. Bf6 Bb4
41. Bxe5 Bxa5 42. Bxd4 Ne6 43. Be3 Bc7 44. Nc5 Nxc5 45. Bxc5 Bxh2 46. Kg2 Bf4
47. Bd4 h5 48. Kh3 Kf7 49. Bc5 Kg6 50. Be7 Bd2 51. Bd8 Be1 52. Be7 Kf5 53. Bh4
Bxh4 54. Kxh4 Kf4 55. Kxh5 Kxf3 1/2-1/2

[Event "Online Olym Div3 B 2020"]
[Site "chess.com INT"]
[Date "2020.07.07"]
[Round "1.3"]
[Board "5"]
[White "Veiga, Jose Francisco R P Neves"]
[Black "Ilkhomi, Jaloliddin"]
[Result "1-0"]
[WhiteTitle "FM"]
[WhiteElo "2322"]
[BlackElo "1875"]
[WhiteTeam "Portugal"]
[BlackTeam "Tajikistan"]
[WhiteFideId "1930087"]
[BlackFideId "14700948"]
[EventDate "2020.07.07"]
[EventType "team"]

1. e4 e6 2. d4 d5 3. Nd2 Nf6 4. e5 Nfd7 5. Bd3 c5 6. c3 Nc6 7. Ne2 cxd4 8. cxd4
f6 9. exf6 Qxf6 10. Nf3 h6 11. O-O Bd6 12. Ng3 O-O 13. Re1 Rf7 14. Nh5 Qe7 15.
Qe2 Nf8 16. Bd2 Bd7 17. Bc3 Rc8 18. a3 Be8 19. Rad1 Qd8 20. Bb1 b5 21. Rc1 a5
22. Bd3 b4 23. axb4 axb4 24. Bd2 Rxf3 25. Qxf3 Nxd4 26. Qg4 Bxh5 27. Qxh5 Nb3
28. Rxc8 Qxc8 29. Qd1 Nxd2 30. Qxd2 Qd8 31. g3 Qf6 32. Rc1 Be5 33. Qxb4 Bxb2 34.
Rc8 Be5 35. Kg2 Qf7 36. Qg4 Qb7 37. Qxe6+ Qf7 1-0

[Event "Online Olym Div3 B 2020"]
[Site "chess.com INT"]
[Date "2020.07.07"]
[Round "1.3"]
[Board "6"]
[White "Abrorova, Sabrina"]
[Black "Pipiras, Filipa Fortuna"]
[Result "0-1"]
[WhiteElo "1788"]
[BlackElo "1907"]
[WhiteTeam "Tajikistan"]
[BlackTeam "Portugal"]
[WhiteFideId "14701553"]
[BlackFideId "1944894"]
[EventDate "2020.07.07"]
[EventType "team"]

1. d4 d5 2. c4 e6 3. Nf3 Nf6 4. Bg5 Be7 5. e3 O-O 6. Nc3 Nbd7 7. cxd5 exd5 8.
Bd3 c6 9. O-O Re8 10. Rb1 Ne4 11. Bxe7 Qxe7 12. Qc2 Ndf6 13. Ne5 Bf5 14. Rbe1
Nxc3 15. bxc3 Bxd3 16. Qxd3 c5 17. Rb1 Rac8 18. Qe2 Ne4 19. Rfc1 cxd4 20. cxd4
Nc3 21. Qc2 f6 22. Nd3 Nxb1 23. Qxb1 b6 24. h3 Qd7 25. Nf4 Rxc1+ 26. Qxc1 Rc8
27. Qb2 Qc6 28. Qb3 Qc4 29. Nxd5 Qxb3 30. axb3 Rc1+ 31. Kh2 Rb1 32. b4 Kf7 33.
Kg3 Ke6 34. e4 Rb3+ 35. f3 a5 36. Nxb6 Rxb4 37. Nd5 Rxd4 38. Kf4 a4 39. Ke3 Rc4
40. Kd3 a3 41. Nc3 Rb4 42. g4 Rb2 43. f4 a2 44. Nxa2 Rxa2 45. Kd4 0-1

[Event "Online Olym Div3 B 2020"]
[Site "chess.com INT"]
[Date "2020.07.07"]
[Round "1.4"]
[Board "1"]
[White "Song, Raymond"]
[Black "Thilakarathne, G M H"]
[Result "1/2-1/2"]
[WhiteTitle "IM"]
[BlackTitle "FM"]
[WhiteElo "2485"]
[BlackElo "2398"]
[WhiteTeam "Chinese Taipei"]
[BlackTeam "Sri Lanka"]
[WhiteFideId "3203824"]
[BlackFideId "9912053"]
[EventDate "2020.07.07"]
[EventType "team"]

1. e4 c5 2. Nf3 d6 3. Bb5+ Nd7 4. O-O Nf6 5. Re1 a6 6. Bd3 b5 7. c4 g5 8. Nxg5
Ne5 9. Bf1 bxc4 10. d4 cxd4 11. Qxd4 h6 12. Nf3 Nxf3+ 13. gxf3 Rg8+ 14. Kh1 Qa5
15. Qe3 Rb8 16. Nc3 Qh5 17. Qf4 Nd7 18. Bxc4 Ne5 19. Be2 Qg6 20. Qg3 Qh7 21. Qf4
Qg6 22. Qg3 Qh7 23. Qf4 Qg6 1/2-1/2

[Event "Online Olym Div3 B 2020"]
[Site "chess.com INT"]
[Date "2020.07.07"]
[Round "1.4"]
[Board "2"]
[White "Liyanage, Ranindu Dilshan"]
[Black "Liu, Yeh Yang"]
[Result "1-0"]
[WhiteTitle "CM"]
[WhiteElo "2181"]
[BlackElo "1988"]
[WhiteTeam "Sri Lanka"]
[BlackTeam "Chinese Taipei"]
[WhiteFideId "9915834"]
[BlackFideId "16300416"]
[EventDate "2020.07.07"]
[EventType "team"]

1. e4 c5 2. Nf3 d6 3. d4 cxd4 4. Nxd4 Nf6 5. Nc3 a6 6. h3 e5 7. Nb3 h5 8. Bg5
Be6 9. f4 exf4 10. Bxf4 Nc6 11. Qe2 Be7 12. O-O-O Bxb3 13. axb3 Qa5 14. Kb1 Ne5
15. Rg1 Rc8 16. g4 hxg4 17. hxg4 Kf8 18. g5 Nh5 19. Rh1 g6 20. Nd5 Nxf4 21.
Rxh8+ Kg7 22. Rxc8 Nxe2 23. Bxe2 Bxg5 24. b4 Qa4 25. Rh1 Bh6 26. Rc3 f6 27. Rc7+
Nf7 28. Bc4 Qe8 29. Nc3 g5 30. Rxf7+ Kg6 31. Rxb7 Qc8 32. Bf7+ Kg7 33. Bd5+ Kg6
34. Ne2 f5 35. Nd4 f4 36. Bf7+ Kf6 37. Rxh6+ Ke5 38. c3 Kxe4 39. Re7+ Kd3 40.
Rh3+ Kd2 41. Re2+ Kd1 42. Rh1# 1-0

[Event "Online Olym Div3 B 2020"]
[Site "chess.com INT"]
[Date "2020.07.07"]
[Round "1.4"]
[Board "3"]
[White "Shih, Ching-An"]
[Black "Dahampriya, H K T Dewnethmie"]
[Result "1-0"]
[WhiteTitle "WFM"]
[WhiteElo "1582"]
[BlackElo "1868"]
[WhiteTeam "Chinese Taipei"]
[BlackTeam "Sri Lanka"]
[WhiteFideId "16300653"]
[BlackFideId "9931180"]
[EventDate "2020.07.07"]
[EventType "team"]

1. e4 c5 2. c3 e6 3. Nf3 Nc6 4. d4 cxd4 5. Nxd4 Nxd4 6. cxd4 Nf6 7. Nc3 Bb4 8.
Bd3 d5 9. Qa4+ Bd7 10. Qxb4 a5 11. Qb3 O-O 12. O-O Bc6 13. Bg5 h6 14. Bxf6 Qxf6
15. e5 Qh4 16. Ne2 f5 17. Rac1 f4 18. f3 g5 19. Rxc6 bxc6 20. Qb7 Rf7 21. Qxa8+
Kg7 22. Qxc6 g4 23. Qxe6 h5 24. Qg6+ Kf8 25. e6 Rg7 26. Qf5+ Kg8 27. Qxf4 Qd8
28. Ng3 gxf3 29. Rxf3 Qe8 30. Nf5 Ra7 31. Nh6+ Kg7 32. Rg3+ Kh8 33. Qf6+ Rg7 34.
Qxg7# 1-0